000 00322nam a2200121Ia 4500
008 180117s9999 xx 000 0 und d
100 _aby Cheshire Que
245 _aHelp the Youth Overcome Disordered eating
260 _c2017
300 _a10-12 pages, 2017 July 23
440 _aPhilippine Panorama
650 _aEATING
999 _c353366
_d353366